2025 AFL Club Best & Fairest Winners - Statistics

General Stats
  • This quiz has been taken 22 times
  • The average score is 18 of 19
Answer Stats
Award Name Club Answer % Correct
Doig Medal Fremantle Caleb Serong
100%
Copeland Trophy Collingwood Darcy Cameron
100%
Syd Barker Medal North Melbourne Harry Sheezel
100%
Malcolm Blight Medal Adelaide Jordan Dawson
100%
Club Champion Gold Coast Matt Rowell
100%
Keith 'Bluey' Truscott Trophy Melbourne Max Gawn
100%
Carji Greeves Medal Geelong Max Holmes
100%
Kevin Sheedy Medal GWS Tom Green
100%
W. S. Crichton Medal Essendon Zach Merrett
100%
John Cahill Medal Port Adelaide Zak Butters
100%
John Nicholls Medal Carlton George Hewett
95%
Bob Skilton Medal Sydney Isaac Heeney
95%
Syd Barker Medal North Melbourne Tristan Xerri
95%
Charles Sutton Medal Western Bulldogs Ed Richards
90%
Peter Crimmins Medal Hawthorn Jack Gunston
90%
Merrett-Murray Medal Brisbane Josh Dunkley
90%
Trevor Barker Award St Kilda Nasiah Wanganeen-Milera
90%
Jack Dyer Medal Richmond Tim Taranto
90%
John Worsfold Medal West Coast Liam Baker
65%
No matching quizzes found
Score Distribution
Percent of People with Each Score
Percentile by Number Answered
Your Score History
You have not taken this quiz